| 000 | 00474nam a2200193Ia 4500 | ||
|---|---|---|---|
| 040 | _cOSU | ||
| 082 | _a305 OXF 1994 C160 Or. | ||
| 100 | 1 | _aWilliams, Suzanne | |
| 245 | 1 | 4 | _aThe Oxfam gender training manual / |
| 260 |
_aOxford : _bOxfam, _c1994 |
||
| 300 |
_axiv, 634 p. : _bill. ; _c30 cm |
||
| 650 | 0 | _aSex role | |
| 650 | 0 | _aWomen in development | |
| 650 | 0 | _aSocial role | |
| 700 | 1 | _aSeed, Janet | |
| 700 | 1 | _aMwau, Adelina | |
| 710 | 2 | _aOxfam | |
| 942 | _cAEDBB | ||
| 999 |
_c19068 _d19068 |
||